[Event "C.to Provinciale CO"]
[Site "San Fermo della Battaglia ITA"]
[Date "2003.04.06"]
[Round "6"]
[White "Bernasconi, Roberto"]
[Black "Lancianese, Giuseppe"]
[Result "1-0"]
[WhiteElo "1753"]
[BlackElo "1546"]
[PlyCount "43"]
[EventDate "2003.03.29"]

1. e4 c5 2. Nf3 d6 3. d4 cxd4 4. Nxd4 Nf6 5. Nc3 a6 6. Bg5 e6 7. f4 b5 8. Qf3
Bb7 9. a3 Be7 10. O-O-O Nbd7 11. g4 Qb6 12. Bh3 b4 13. axb4 Qxb4 14. Rhe1 O-O
15. Nb3 Rfc8 16. Rd4 Qb6 17. Qd1 Kf8 18. e5 Nd5 19. Bxe7+ Kxe7 20. exd6+ Kxd6
21. g5 Ke7 22. Rxd5 1-0

[Event "C.to Provinciale CO"]
[Site "San Fermo della Battaglia ITA"]
[Date "2003.04.06"]
[Round "6"]
[White "Buccoliero, Alessandro"]
[Black "Bonetti, Marco"]
[Result "1-0"]
[WhiteElo "1879"]
[BlackElo "2152"]
[PlyCount "120"]
[EventDate "2003.03.29"]

1. c4 Nf6 2. Nf3 g6 3. Nc3 Bg7 4. d4 d6 5. e3 O-O 6. Bd3 Nbd7 7. O-O c6 8. b3
e5 9. Ba3 Re8 10. Qc2 Qc7 11. Rad1 exd4 12. Nxd4 Ne5 13. Be2 a6 14. Nf3 Bf8 15.
Qd2 Qa5 16. Ne4 Nxf3+ 17. Bxf3 Qe5 18. Nxf6+ Qxf6 19. Bxd6 Rd8 20. Be5 Rxd2 21.
Bxf6 Rxd1 22. Rxd1 Be6 23. Kf1 Bb4 24. Ke2 Kf8 25. e4 a5 26. a4 Rc8 27. Ke3 Ke8
28. h4 b5 29. Be2 Bc5+ 30. Bd4 Bb4 31. Bf6 Bc5+ 32. Bd4 Bb4 33. Bf6 Rb8 34. Be5
Bc5+ 35. Bd4 Bxd4+ 36. Kxd4 bxc4 37. bxc4 Rb2 38. Ke3 Ra2 39. Rd6 Rxa4 40. Rxc6
Kd7 41. Ra6 Ra1 42. c5 Re1 43. Rd6+ Kc7 44. Rd1 Rxd1 45. Bxd1 Bd7 46. Bb3 Be8
47. Kd4 a4 48. Bd5 f6 49. f4 a3 50. Kc3 Bd7 51. Kb3 Bc6 52. Kxa3 f5 53. Bxc6
Kxc6 54. e5 Kxc5 55. Kb3 Kd5 56. Kc3 h6 57. Kd3 g5 58. hxg5 hxg5 59. g3 g4 60.
e6 Kd6 1-0

[Event "C.to Provinciale CO"]
[Site "San Fermo della Battaglia ITA"]
[Date "2003.04.06"]
[Round "6"]
[White "Buonocore, Elio"]
[Black "Pede, Lucio"]
[Result "1-0"]
[WhiteElo "2121"]
[BlackElo "1651"]
[PlyCount "37"]
[EventDate "2003.03.29"]

1. e4 e5 2. Nf3 Nc6 3. d4 exd4 4. Nxd4 Nxd4 5. Qxd4 Qf6 6. Be3 b6 7. Nc3 Bc5 8.
Qd2 Bxe3 9. Qxe3 c6 10. O-O-O Qh6 11. f4 Ne7 12. h4 Bb7 13. g4 g6 14. g5 Qg7
15. Bh3 O-O-O 16. Rd6 Rhe8 17. Qd2 c5 18. Rxd7 Nf5 19. Rd1 1-0

[Event "C.to Provinciale CO"]
[Site "San Fermo della Battaglia ITA"]
[Date "2003.04.06"]
[Round "6"]
[White "Grassetto, Gilberto"]
[Black "Revinelli, Sergio"]
[Result "0-1"]
[WhiteElo "1534"]
[BlackElo "1735"]
[PlyCount "80"]
[EventDate "2003.03.29"]

1. d4 d5 2. Nf3 Nf6 3. e3 c5 4. c4 e6 5. Nc3 Nc6 6. cxd5 exd5 7. a3 Be7 8. dxc5
Bxc5 9. b4 Bb6 10. Bb5 O-O 11. O-O a5 12. bxa5 Bxa5 13. Bb2 Be6 14. Bd3 Rc8 15.
Rc1 Bb6 16. Ne2 Ne4 17. Bb1 f5 18. Ned4 Qd7 19. Nxe6 Qxe6 20. Ba2 Rcd8 21. Nd4
Nxd4 22. Bxd4 Bxd4 23. Qxd4 Qd6 24. a4 Kh8 25. Rfd1 Nf6 26. Rc5 Rd7 27. Bxd5
Rfd8 28. f3 Nxd5 29. Qc4 Qa6 30. Qxa6 bxa6 31. e4 fxe4 32. fxe4 Ne7 33. Rdc1
Kg8 34. h3 Rd1+ 35. Rxd1 Rxd1+ 36. Kf2 Rd4 37. Re5 Kf7 38. a5 Kf6 39. Rc5 Rxe4
40. Kg3 Re5 0-1

[Event "C.to Provinciale CO"]
[Site "San Fermo della Battaglia ITA"]
[Date "2003.04.06"]
[Round "6"]
[White "Guerrini, Donato"]
[Black "Parenti, Davide"]
[Result "1-0"]
[WhiteElo "2035"]
[BlackElo "1660"]
[PlyCount "119"]
[EventDate "2003.03.29"]

1. Nf3 Nf6 2. b4 e6 3. a3 a5 4. b5 c5 5. Bb2 d5 6. d3 Nbd7 7. Nbd2 Be7 8. g3
O-O 9. Bg2 Qc7 10. c4 d4 11. Qc2 e5 12. O-O-O Re8 13. h3 Nf8 14. e4 Ne6 15. Kb1
Bd6 16. Bc1 h6 17. Nf1 Bd7 18. Nh4 Kf8 19. Nf5 Ng8 20. Nh2 Ne7 21. h4 Nd8 22.
g4 Nxf5 23. exf5 f6 24. Be4 Nf7 25. Nf3 Ke7 26. Rdg1 Rh8 27. g5 hxg5 28. hxg5
Raf8 29. g6 Nd8 30. Rh7 Rfg8 31. Bd5 Bxf5 32. Bxg8 Rxg8 33. Nd2 Ne6 34. Ne4 Nf8
35. Rh2 Ke8 36. Rhg2 Be7 37. f3 Qd7 38. Qd1 Ne6 39. Bd2 b6 40. Qe1 Qc7 41. Rh1
Kd7 42. Rh5 Bxe4 43. Qxe4 Rb8 44. Rh7 Qb7 45. Qf5 Kd6 46. Rgh2 Rg8 47. Rh8 Qc8
48. Rxg8 Qxg8 49. Qe4 Nd8 50. Rh7 Bf8 51. Qa8 Kc7 52. Qa7+ Nb7 53. Qa8 Nd8 54.
Bxa5 bxa5 55. b6+ Kd7 56. b7 Nxb7 57. Qxb7+ Kd8 58. Qd5+ Qxd5 59. cxd5 Ke7 60.
Rh8 1-0

[Event "C.to Provinciale CO"]
[Site "San Fermo della Battaglia ITA"]
[Date "2003.04.06"]
[Round "6"]
[White "Lanza, Francesco Paolo"]
[Black "Corti, Filippo"]
[Result "0-1"]
[WhiteElo "1465"]
[BlackElo "1552"]
[PlyCount "59"]
[EventDate "2003.03.29"]

1. e4 c6 2. d4 d5 3. Nc3 dxe4 4. Nxe4 Bf5 5. Ng3 Bg6 6. N1e2 e6 7. c3 Bd6 8.
Bf4 Qc7 9. Bxd6 Qxd6 10. Qd2 Nf6 11. Nf4 Nbd7 12. Nxg6 hxg6 13. Bd3 O-O-O 14.
h3 e5 15. O-O-O exd4 16. Bc4 Ne5 17. Bb3 c5 18. f4 Nc6 19. Rhe1 Nd5 20. cxd4
Nxd4 21. Bxd5 Qxd5 22. Kb1 Rhe8 23. Rxe8 Rxe8 24. Ne2 Qf5+ 25. Ka1 Rxe2 26. Qc3
Nc2+ 27. Kb1 Ne3+ 28. Rd3 Re1+ 29. Qxe1 Qxd3+ 30. Ka1 0-1

[Event "C.to Provinciale CO"]
[Site "San Fermo della Battaglia ITA"]
[Date "2003.04.06"]
[Round "6"]
[White "Laricini, Alberto"]
[Black "Galasso, Daniele"]
[Result "1/2-1/2"]
[WhiteElo "1510"]
[BlackElo "1546"]
[PlyCount "194"]
[EventDate "2003.03.29"]

1. d4 g6 2. c4 Bg7 3. Nc3 Nf6 4. e4 d6 5. Bd3 O-O 6. Nf3 c5 7. d5 a6 8. O-O Bg4
9. h3 Bxf3 10. Qxf3 Nbd7 11. Bf4 Nh5 12. Bh2 Ne5 13. Qd1 Nf6 14. Bxe5 dxe5 15.
Qc2 Rb8 16. Rac1 Bh6 17. Rcd1 Nh5 18. Be2 Nf6 19. a4 Ne8 20. Bg4 Nd6 21. Be2 f5
22. Bd3 f4 23. Be2 Bg5 24. Nb1 h5 25. Nd2 Qe8 26. Nf3 Bf6 27. h4 b5 28. axb5
axb5 29. cxb5 Nxb5 30. Bxb5 Qxb5 31. Rb1 Rb6 32. Rfc1 Rc8 33. b4 c4 34. Qc3 Qd7
35. Ng5 Qg4 36. Qh3 Bxg5 37. hxg5 Rbb8 38. Qxg4 hxg4 39. Kf1 Kf7 40. Ke2 Ra8
41. Rh1 Ra2+ 42. Kf1 Kg7 43. Rh4 g3 44. fxg3 fxg3 45. Rh3 c3 46. Rxg3 Rb2 47.
Rc1 c2 48. Ke1 Rxb4 49. Re3 Rd4 50. Ke2 Rcc4 51. Rd3 Rxe4+ 52. Kd2 Rg4 53. g3
Rcd4 54. Rxc2 Rxd3+ 55. Kxd3 Rxg3+ 56. Ke4 Rxg5 57. Rc7 Kf6 58. Rc6+ Kf7 59.
Rc7 Ke8 60. Rc6 Kf7 61. Rc7 Rg1 62. Kxe5 Rf1 63. d6 Re1+ 64. Kf4 Ke8 65. dxe7
Rxe7 66. Rc6 Kf7 67. Rc5 Kg7 68. Kg5 Kf7 69. Kf4 Kf6 70. Rc6+ Re6 71. Rc5 Re1
72. Rc6+ Kg7 73. Rc7+ Kh6 74. Rc8 Rg1 75. Rh8+ Kg7 76. Rb8 Ra1 77. Rb7+ Kh6 78.
Rb5 Ra4+ 79. Ke3 g5 80. Rb6+ Kh5 81. Rb8 Ra3+ 82. Ke2 Kh4 83. Rg8 Kg4 84. Rb8
Ra2+ 85. Ke1 Kh3 86. Rb3+ Kh4 87. Rb4+ g4 88. Rb3 g3 89. Rb1 Kh3 90. Kf1 Rf2+
91. Kg1 Rc2 92. Rd1 Rc3 93. Re1 g2 94. Rd1 Kg3 95. Re1 Kf3 96. Rb1 Re3 97. Rd1
Re2 1/2-1/2

[Event "C.to Provinciale CO"]
[Site "San Fermo della Battaglia ITA"]
[Date "2003.04.06"]
[Round "6"]
[White "Liscio, Giovanni"]
[Black "Coppola, Guido"]
[Result "0-1"]
[WhiteElo "1867"]
[BlackElo "1803"]
[PlyCount "90"]
[EventDate "2003.03.29"]

1. d4 d5 2. c4 e6 3. Nc3 Nf6 4. e3 Be7 5. Nf3 Nbd7 6. Bd3 O-O 7. e4 dxe4 8.
Nxe4 c5 9. O-O b6 10. dxc5 Nxc5 11. Nxc5 Bxc5 12. Bg5 Bb7 13. Qc2 h6 14. Bh4
Bxf3 15. gxf3 Qd4 16. Bg3 Nh5 17. Rad1 Qf6 18. Be4 Rad8 19. a3 Qg5 20. Qc1 Nxg3
21. hxg3 Qxg3+ 22. Kh1 Qh3+ 23. Kg1 Bd6 24. f4 Qg4+ 25. Bg2 Bxf4 26. Qc2 h5 27.
b4 h4 28. Rd3 Qg6 29. Rc3 h3 30. Qxg6 h2+ 31. Kh1 fxg6 32. c5 bxc5 33. bxc5 Rc8
34. c6 Rc7 35. Rb3 Rd8 36. Rb7 Rd3 37. Be4 Rxa3 38. Bxg6 Rxb7 39. cxb7 Rb3 40.
Be4 Rb4 41. f3 a5 42. Rd1 Kf7 43. Kg2 a4 44. Kh3 Kf6 45. Kg4 g5 0-1

[Event "C.to Provinciale CO"]
[Site "San Fermo della Battaglia ITA"]
[Date "2003.04.06"]
[Round "6"]
[White "Orsenigo, Davide"]
[Black "Emoroso, Claudio"]
[Result "0-1"]
[WhiteElo "1726"]
[BlackElo "1639"]
[PlyCount "76"]
[EventDate "2003.03.29"]

1. e4 e5 2. Nf3 Nc6 3. d4 exd4 4. Bc4 d6 5. Nxd4 Nxd4 6. Qxd4 Be6 7. Nc3 Nf6 8.
O-O Be7 9. Bb3 Bxb3 10. axb3 a6 11. Kh1 O-O 12. f4 h6 13. Be3 Qd7 14. Rf3 Rad8
15. Rg1 b6 16. f5 Ng4 17. Nd5 Nxe3 18. Nxe7+ Qxe7 19. f6 Qe6 20. Qxe3 g5 21.
Rf5 Kh7 22. h4 gxh4 23. Rgf1 Rg8 24. R1f4 Rg6 25. e5 dxe5 26. Rxe5 Qc6 27. Qe4
Qxe4 28. Rexe4 Rd1+ 29. Kh2 Rd2 30. Re7 Rgxg2+ 31. Kh3 Rh2+ 32. Kg4 Kg6 33.
Rxc7 Rhg2+ 34. Kf3 Rg3+ 35. Ke4 Re2+ 36. Kd4 h3 37. Rc8 Kh5 38. Rf1 h2 0-1

[Event "C.to Provinciale CO"]
[Site "San Fermo della Battaglia ITA"]
[Date "2003.04.06"]
[Round "6"]
[White "Petetta, Roberto"]
[Black "Alessandro, Sergio"]
[Result "1-0"]
[WhiteElo "1603"]
[BlackElo "1467"]
[PlyCount "127"]
[EventDate "2003.03.29"]

1. e4 c6 2. d4 d6 3. Nf3 g6 4. Be2 Bg7 5. O-O Bg4 6. Be3 Bxf3 7. Bxf3 Qb6 8. b3
c5 9. c3 Nc6 10. dxc5 dxc5 11. Qd5 Qa5 12. Rd1 Rd8 13. Qxc5 Rxd1+ 14. Bxd1 Qd8
15. Qd5 Qc7 16. Qc4 a6 17. Bd4 b5 18. Qc5 Bxd4 19. cxd4 Nf6 20. d5 Qa5 21.
Qxc6+ Kf8 22. Qc3 Qb6 23. Nd2 h5 24. Rc1 g5 25. Nf3 Qxf2+ 26. Kxf2 Nxe4+ 27.
Ke3 Nxc3 28. Rxc3 Kg7 29. Nxg5 Kf6 30. Nf3 a5 31. Be2 Rd8 32. Rc6+ Kg7 33. Ke4
a4 34. Bxb5 axb3 35. axb3 Ra8 36. Ba4 Rb8 37. Ne5 f6 38. Nd3 Kf7 39. Kf5 Rg8
40. g3 Rg5+ 41. Ke4 Rg4+ 42. Kf3 Rd4 43. Nf4 Rd2 44. h3 Rd1 45. Bb5 Rd2 46. Bc4
Ke8 47. Nxh5 Kd7 48. Re6 f5 49. Nf4 Rc2 50. Ng6 Rh2 51. h4 Rh3 52. Nxe7 f4 53.
Kxf4 Rh1 54. Kg4 Rd1 55. Kg5 Kd8 56. Nf5 Kd7 57. Re7+ Kd8 58. g4 Rd2 59. h5 Rf2
60. Ra7 Ke8 61. h6 Kf8 62. d6 Rxf5+ 63. Kxf5 Ke8 64. h7 1-0

[Event "C.to Provinciale CO"]
[Site "San Fermo della Battaglia ITA"]
[Date "2003.04.06"]
[Round "6"]
[White "Rossi, Giampiero"]
[Black "Gagliardi, Christian"]
[Result "1/2-1/2"]
[WhiteElo "2056"]
[BlackElo "2138"]
[PlyCount "89"]
[EventDate "2003.03.29"]

1. d4 Nf6 2. c4 g6 3. g3 Bg7 4. Bg2 O-O 5. Nc3 d6 6. Nf3 Nbd7 7. O-O e5 8. Qc2
c6 9. Rd1 Qc7 10. b3 Re8 11. e3 a6 12. Ba3 Bf8 13. Rac1 Rb8 14. h3 Qa5 15. Bb2
e4 16. Nd2 d5 17. cxd5 cxd5 18. Na4 Bd6 19. Nb1 b5 20. Bc3 Qd8 21. Nc5 Nf8 22.
Qd2 g5 23. Ba5 Qe7 24. b4 h5 25. Rc2 Ng6 26. Rdc1 h4 27. g4 Nxg4 28. hxg4 Bxg4
29. Nc3 f6 30. Nxd5 Qf7 31. Nd7 h3 32. N5xf6+ Kh8 33. Nxe8 Rxe8 34. Ne5 Bxe5
35. Bh1 h2+ 36. Kf1 Nh4 37. f3 Nxf3 38. Qf2 Bd6 39. Bc7 Bxc7 40. Rxc7 Qh5 41.
Rc8 Rxc8 42. Rxc8+ Kg7 43. Rc7+ Kf8 44. Qg3 Bh3+ 45. Kf2 1/2-1/2